LDR 00754naa#a2200169#i#450# 001 RU\\bibl\126872 005 20260703023152.5 011 ## _a2227-1171 100 ## _a20260630b2026####ek#y0rusy0150####ca 102 ## _aRU 200 1# _aК ВОПРОСУ О ЦИФРОВОЙ СОСТАВЛЯЮЩЕЙ В КОГНИТИВНОМ КОМПОНЕНТЕ ПРОФЕССИОНАЛЬНОГО ПРАВОСОЗНАНИЯ _eЖурнальная статья 210 1# _aКазань _cКазанский юридический институт МВД России _d2026 215 ## _a7 с. 608 ## _aЖурнальная статья _2local 675 ## _aПравосознание. 340.114.5 _z 700 #1 _aАнтонова _gАнастасия Игоревна 856 4# _avestnikkui.ru _u